000 00387cam a2200145ua 4500
041 _aeng
_h
082 _a828.09
_bWIL/MO
100 _aWilley , Basil .
245 _aMore Ninteenth Century studies : A group of Honest Doubters /
_cBasil Willey.
_hTextual Documents
260 _a :
_bChatto & Windus ,
_c1963.
300 _a303 ; .
504 _a
942 _cBK
999 _c3588
_d3588